[Event "Erfurt op-A 29th"]
[Site "Erfurt"]
[Date "2019.12.28"]
[Round "5"]
[White "Schulz, Karsten"]
[Black "Koehler, Lukas"]
[Result "1-0"]
[WhiteElo "2267"]
[BlackElo "2071"]
[PlyCount "81"]
[EventDate "2019.12.26"]
[EventType "swiss"]
[EventRounds "8"]
[EventCountry "GER"]
[SourceTitle "CBM 194 Extra"]
[Source "ChessBase"]
[SourceDate "2020.03.31"]
[SourceVersion "1"]
[SourceVersionDate "2020.03.31"]
[SourceQuality "1"]

1. Nf3 Nf6 2. g3 b6 3. Bg2 Bb7 4. c4 c5 5. b3 e6 6. Bb2 Be7 7. 0-0 0-0 8. Nc3 Nc6 9. e3 d5 10. cxd5 exd5 11. d4 Ne4 12. dxc5 Nxc3 13. Bxc3 bxc5 14. Qd2 Qb6 15. Qb2 f6 16. Rfd1 Rfd8 17. Nh4 Nb4 18. Rd2 Na6 19. a3 Rab8 20. Rad1 Bc6 21. Rb1 Bf8 22. Qc2 Nc7 23. Rdd1 Be8 24. Qd2 Bf7 25. Ba5 Qd6 26. b4 cxb4 27. axb4 Rd7 28. Nf5 Qe5 29. Nd4 Qd6 30. Rbc1 Nb5 31. Nc6 Re8 32. Nd4 Na3 33. Qd3 Nc4 34. Nf5 Qa6 35. Rxc4 dxc4 36. Qxd7 c3 37. Bd5 Bxd5 38. Qxe8 Qb7 39. Rxd5 c2 40. Rc5 g6 41. Rxc2 1-0

[Event "Erfurt op-A 29th"]
[Site "Erfurt"]
[Date "2019.12.26"]
[Round "1"]
[White "Weimert, Miriam"]
[Black "Koehler, Lukas"]
[Result "0-1"]
[WhiteElo "1845"]
[BlackElo "2071"]
[PlyCount "70"]
[EventDate "2019.12.26"]
[EventType "swiss"]
[EventRounds "8"]
[EventCountry "GER"]
[SourceTitle "CBM 194 Extra"]
[Source "ChessBase"]
[SourceDate "2020.03.31"]
[SourceVersion "1"]
[SourceVersionDate "2020.03.31"]
[SourceQuality "1"]

1. Nf3 Nf6 2. c4 c5 3. Nc3 Nc6 4. g3 e5 5. d3 Be7 6. Bg2 d6 7. 0-0 h6 8. a3 Be6 9. Rb1 d5 10. cxd5 Nxd5 11. e3 0-0 12. Qc2 Rc8 13. Ne2 Qd7 14. Rd1 Rfd8 15. Qd2 Qc7 16. Qe1 b5 17. b3 Nb6 18. d4 Bf5 19. Rb2 cxd4 20. exd4 Bxa3 21. Ra2 Bb4 22. Bd2 Bxd2 23. Raxd2 Be4 24. Nxe5 Bxg2 25. Nxc6 Bxc6 26. Rc1 Qd7 27. Ra1 Qd5 28. f3 Qxf3 29. Nf4 Qh1+ 30. Kf2 Qxh2+ 31. Kf1 Qh1+ 32. Kf2 Qf3+ 33. Kg1 Re8 34. Qf1 Qxg3+ 35. Ng2 Nd5 0-1

[Event "Landesliga Nord 1920"]
[Site "Bayern"]
[Date "2019.11.10"]
[Round "2.4"]
[White "Murmann, Andreas"]
[Black "Koehler, Lukas"]
[Result "1/2-1/2"]
[WhiteElo "1968"]
[BlackElo "2088"]
[PlyCount "46"]
[EventDate "2019.09.29"]
[EventType "team-tourn"]
[EventRounds "9"]
[EventCountry "GER"]
[SourceTitle "EXT 2021"]
[Source "ChessBase"]
[SourceDate "2020.10.23"]
[SourceVersion "1"]
[SourceVersionDate "2020.10.23"]
[SourceQuality "1"]
[WhiteTeam "Kronach"]
[BlackTeam "Bamberg SC"]
[WhiteTeamCountry "GER"]
[BlackTeamCountry "GER"]

1. d4 d5 2. c4 e6 3. Nc3 Be7 4. e4 dxe4 5. Nxe4 Nf6 6. Nc3 0-0 7. Bd3 b6 8. Nge2 Bb7 9. 0-0 c5 10. Bg5 cxd4 11. Nxd4 h6 12. Bh4 Nc6 13. Nxc6 Bxc6 14. Qe2 Qc7 15. Rac1 Qb7 16. f3 Rfd8 17. Rfd1 Nh5 18. Bxe7 Qxe7 19. Qe5 Nf6 20. a3 Nd7 21. Qe3 Qc5 22. Qxc5 Nxc5 23. Bc2 Kf8 1/2-1/2

[Event "GER-ch U16"]
[Site "Willingen"]
[Date "2019.06.13"]
[Round "7"]
[White "Rietschel, Tilo"]
[Black "Koehler, Lukas"]
[Result "0-1"]
[WhiteElo "2005"]
[BlackElo "2068"]
[PlyCount "80"]
[EventDate "2019.06.08"]
[EventType "swiss"]
[EventRounds "9"]
[EventCountry "GER"]
[SourceTitle "CBM 191 Extra"]
[Source "ChessBase"]
[SourceDate "2019.09.30"]
[SourceVersion "1"]
[SourceVersionDate "2019.09.30"]
[SourceQuality "1"]

1. e4 e5 2. Nf3 Nc6 3. Bb5 g6 4. 0-0 Bg7 5. Re1 a6 6. Ba4 d6 7. c3 Bd7 8. d4 b5 9. Bb3 Nf6 10. Nbd2 0-0 11. Nf1 Nh5 12. Ne3 h6 13. a4 Rb8 14. axb5 axb5 15. Nd5 Bg4 16. Ra6 Bd7 17. dxe5 dxe5 18. Be3 Kh7 19. Qd2 Qc8 20. Rea1 Rd8 21. Nh4 Qb7 22. f3 Be6 23. Qf2 Ra8 24. Rxa8 Rxa8 25. Rxa8 Qxa8 26. g4 Qa1+ 27. Kg2 Nf4+ 28. Bxf4 exf4 29. Qc2 Na5 30. e5 Nxb3 31. Nxg6 Qc1 32. Nf8+ Kg8 33. Qh7+ Kxf8 34. Nf6 Qd2+ 35. Kg1 Qe1+ 36. Kg2 Qe2+ 37. Kg1 Bxf6 38. exf6 Qe1+ 39. Kg2 Qe2+ 40. Kg1 Ke8 0-1

[Event "GER-ch U16"]
[Site "Willingen"]
[Date "2019.06.09"]
[Round "2"]
[White "Hommel, Niclas"]
[Black "Koehler, Lukas"]
[Result "1-0"]
[WhiteElo "1953"]
[BlackElo "2068"]
[PlyCount "51"]
[EventDate "2019.06.08"]
[EventType "swiss"]
[EventRounds "9"]
[EventCountry "GER"]
[SourceTitle "CBM 191 Extra"]
[Source "ChessBase"]
[SourceDate "2019.09.30"]
[SourceVersion "1"]
[SourceVersionDate "2019.09.30"]
[SourceQuality "1"]

1. e4 c6 2. Nf3 d5 3. exd5 cxd5 4. Ne5 Nd7 5. d4 e6 6. Nd2 Bd6 7. Ndf3 Qc7 8. Nxd7 Bxd7 9. Bd3 h6 10. 0-0 Nf6 11. Re1 Bc6 12. Ne5 Nd7 13. Bf4 Bxe5 14. dxe5 Qb6 15. b3 Rc8 16. Qg4 Kf8 17. h4 h5 18. Qg3 Bb5 19. Be3 Qa6 20. Rac1 Bxd3 21. cxd3 Rc6 22. Qg5 Qa5 23. b4 f6 24. exf6 gxf6 25. Qh6+ Rxh6 26. Bxh6+ 1-0

[Event "Youth District Germany"]
[Site "Wuerzburg"]
[Date "2018.10.06"]
[Round "6.3"]
[White "Jeschke, Jan"]
[Black "Koehler, Lukas"]
[Result "1/2-1/2"]
[WhiteElo "1479"]
[BlackElo "1926"]
[PlyCount "40"]
[EventDate "2018.10.02"]
[EventType "team-swiss"]
[EventRounds "7"]
[EventCountry "GER"]
[SourceTitle "CBM 186 Extra"]
[Source "ChessBase"]
[SourceDate "2018.08.24"]
[SourceVersion "1"]
[SourceVersionDate "2018.08.24"]
[SourceQuality "1"]
[WhiteTeam "Saarland U20"]
[BlackTeam "Bayern U20 II"]
[WhiteTeamCountry "GER"]
[BlackTeamCountry "GER"]

1. e4 c5 2. d4 cxd4 3. c3 dxc3 4. Nxc3 e6 5. Nf3 Nc6 6. Bc4 Qc7 7. Qe2 a6 8. 0-0 Be7 9. Rd1 b5 10. Bb3 d6 11. Bf4 Ne5 12. Bxe5 dxe5 13. Rac1 Qb8 14. a4 b4 15. Nd5 exd5 16. exd5 Bd6 17. Nxe5 Ne7 18. Nc6 Qb7 19. Re1 Kf8 20. Qf3 Ng6 1/2-1/2